Welcome to the Holygrace Academy Library

Please use search bar below to get started

NEW ENCYCLOPEDIA OF SCIENCE:VOL3 BIO- CAV (Record no. 1939)

MARC details
000 -LEADER
fixed length control field 00290nam a22001217a 4500
082 ## - DEWEY DECIMAL CLASSIFICATION NUMBER
Classification number 030
Item number FUN-S-3
100 ## - MAIN ENTRY--AUTHOR NAME
Personal name FUNK
100 ## - MAIN ENTRY--AUTHOR NAME
Personal name WAGNALLS
245 ## - TITLE STATEMENT
Title NEW ENCYCLOPEDIA OF SCIENCE:VOL3 BIO- CAV
260 ## - PUBLICATION, DISTRIBUTION, ETC. (IMPRINT)
Place of publication WISCONSIN
Name of publisher RAINTREE PUBLISHERS
650 ## - SUBJECT ADDED ENTRY--TOPICAL TERM
Topical Term ENCYCLOPEDIA
Geographic subdivision AMERICA
942 ## - ADDED ENTRY ELEMENTS (KOHA)
Koha item type Books

No items available.